Chemical manipuation of crop growth and development. (Record no. 37065)

MARC details
000 -LEADER
fixed length control field 00337nam a2200121Ia 4500
082 ## - DEWEY DECIMAL CLASSIFICATION NUMBER
Classification number 631.524.82
Item number MCL
100 ## - MAIN ENTRY--AUTHOR NAME
Personal name McLAREN, S
245 #0 - TITLE STATEMENT
Title Chemical manipuation of crop growth and development.
260 ## - PUBLICATION, DISTRIBUTION, ETC. (IMPRINT)
Place of publication London
Name of publisher Butterworth
Year of publication 1982
650 ## - SUBJECT ADDED ENTRY--TOPICAL TERM
Topical Term Plant growth regulators
942 ## - ADDED ENTRY ELEMENTS (KOHA)
Koha item type Books
Holdings
Withdrawn status Lost status Damaged status Not for loan Home library Current library Date acquired Full call number Accession Number Koha item type
        RRII Library RRII Library 16/12/2021 631.524.82 MCL 17456 Books